000
00210 a2200097 4500
001
16728
100
_a
245
_a
Stories of the air
260
_a
London
_b
Collins clear type press
_c
090
_c
12617
_d
12617
942
_a
NUST-CAE
_c
M
_c
2911
999
_c
251801
_d
251801